[Event "BCF-ch rapidplay 34th"]
[Site "Bingley"]
[Date "2023.04.16"]
[Round "9"]
[White "Larchikov, Maksym"]
[Black "McCarthy, Damian"]
[Result "0-1"]
[WhiteElo "1789"]
[BlackElo "1836"]
[PlyCount "144"]
[EventDate "2023.04.15"]
[EventType "swiss (rapid)"]
[EventRounds "11"]
[EventCountry "ENG"]
[SourceTitle "CBM 213 Extra"]
[Source "ChessBase"]
[SourceDate "2023.05.31"]
[SourceVersion "1"]
[SourceVersionDate "2023.05.31"]
[SourceQuality "1"]

1. d4 Nf6 2. Nf3 e6 3. c4 Bb4+ 4. Bd2 Qe7 5. e3 0-0 6. Bd3 Bxd2+ 7. Qxd2 d6 8. e4 e5 9. d5 a5 10. Nc3 Na6 11. 0-0 Nc5 12. Ne1 Nh5 13. Ne2 f5 14. exf5 Nxd3 15. Nxd3 Bxf5 16. f3 b6 17. Nf2 Bg6 18. Nc3 Nf4 19. Nce4 Rf5 20. g3 Rh5 21. gxf4 Qh4 22. Nd3 exf4 23. Nxf4 Rh6 24. Ne6 Bxe4 25. fxe4 Rg6+ 26. Qg2 Rxg2+ 27. Kxg2 Qxe4+ 28. Kg1 Qxc4 29. Rad1 Re8 30. Rd4 Qxa2 31. Rf2 Rxe6 32. dxe6 Qxe6 33. Rdf4 h6 34. Kg2 Qd5+ 35. Kg3 Qe5 36. Kg2 c5 37. Rf5 Qe4+ 38. Kg3 d5 39. h4 d4 40. Rf8+ Kh7 41. R2f4 Qe1+ 42. Kg2 d3 43. Rd8 Qe2+ 44. Rf2 Qg4+ 45. Kf1 Qh3+ 46. Ke1 Qxh4 47. Rxd3 a4 48. Rd7 b5 49. Rdd2 b4 50. Kd1 a3 51. bxa3 bxa3 52. Ra2 Qd4+ 53. Ke1 Qe3+ 54. Rfe2 Qc3+ 55. Kf2 h5 56. Re3 Qf6+ 57. Rf3 Qh4+ 58. Kg2 Qg4+ 59. Kf2 Qd4+ 60. Kg2 c4 61. Raxa3 h4 62. Ra6 g6 63. Kh3 Kh6 64. Rff6 Kh5 65. Rad6 Qe3+ 66. Kg2 g5 67. Rc6 c3 68. Rh6+ Kg4 69. Rc4+ Kf5 70. Rhc6 Qe2+ 71. Kg1 h3 72. R6c5+ Kg6 0-1

[Event "BCF-ch rapidplay 34th"]
[Site "Bingley"]
[Date "2023.04.16"]
[Round "8"]
[White "McCarthy, Damian"]
[Black "Ciuravin, Andrei"]
[Result "0-1"]
[WhiteElo "1836"]
[BlackElo "2066"]
[PlyCount "38"]
[EventDate "2023.04.15"]
[EventType "swiss (rapid)"]
[EventRounds "11"]
[EventCountry "ENG"]
[SourceTitle "CBM 213 Extra"]
[Source "ChessBase"]
[SourceDate "2023.05.31"]
[SourceVersion "1"]
[SourceVersionDate "2023.05.31"]
[SourceQuality "1"]

1. e4 c5 2. Nf3 e6 3. d4 cxd4 4. Nxd4 Nf6 5. Nc3 d6 6. Be3 Be7 7. f3 a6 8. Qd2 b5 9. 0-0-0 Bb7 10. g4 Nc6 11. g5 Nd7 12. Nxc6 Bxc6 13. Ne2 0-0 14. Nd4 Bb7 15. h4 Rc8 16. h5 d5 17. Bd3 e5 18. Nf5 d4 19. Bf2 Bxg5 0-1

[Event "BCF-ch rapidplay 34th"]
[Site "Bingley"]
[Date "2023.04.16"]
[Round "7"]
[White "Shaw, Peter"]
[Black "McCarthy, Damian"]
[Result "0-1"]
[WhiteElo "2079"]
[BlackElo "1836"]
[PlyCount "96"]
[EventDate "2023.04.15"]
[EventType "swiss (rapid)"]
[EventRounds "11"]
[EventCountry "ENG"]
[SourceTitle "CBM 213 Extra"]
[Source "ChessBase"]
[SourceDate "2023.05.31"]
[SourceVersion "1"]
[SourceVersionDate "2023.05.31"]
[SourceQuality "1"]

1. d4 Nf6 2. c4 e6 3. Nf3 Bb4+ 4. Nbd2 b6 5. a3 Bxd2+ 6. Qxd2 a5 7. b3 Bb7 8. g3 d6 9. Bg2 Nbd7 10. 0-0 0-0 11. Bb2 Be4 12. Rfe1 Qc8 13. Qc3 Qb7 14. Bf1 Rad8 15. Nd2 Bg6 16. Bg2 Ne4 17. Nxe4 Bxe4 18. f3 Bg6 19. e4 e5 20. d5 f5 21. Bh3 fxe4 22. fxe4 Rf6 23. b4 axb4 24. axb4 c5 25. b5 Rff8 26. Bg2 Ra8 27. Qe3 Nf6 28. h3 Rxa1 29. Rxa1 Ra8 30. Ra3 Rxa3 31. Qxa3 Bxe4 32. Bf1 Bf5 33. Kh2 h6 34. Bc1 Kh7 35. g4 Bc8 36. g5 hxg5 37. Bxg5 Bf5 38. Qg3 Qd7 39. Qh4+ Kg8 40. Bxf6 gxf6 41. Qxf6 e4 42. Be2 Qh7 43. Qd8+ Kg7 44. Qe7+ Kg8 45. Qe8+ Kg7 46. Bh5 Kf6 47. Qd8+ Ke5 48. Qe8+ Kd4 0-1

[Event "Leyland op"]
[Site "Leyland"]
[Date "2019.08.25"]
[Round "3"]
[White "Taylor, Mark"]
[Black "McCarthy, Damian"]
[Result "1/2-1/2"]
[WhiteElo "1755"]
[BlackElo "1857"]
[PlyCount "79"]
[EventDate "2019.08.24"]
[EventType "swiss"]
[EventRounds "6"]
[EventCountry "ENG"]
[SourceTitle "EXT 2020"]
[Source "ChessBase"]
[SourceDate "2019.10.17"]
[SourceVersion "1"]
[SourceVersionDate "2019.10.17"]
[SourceQuality "1"]

1. e4 c5 2. Nf3 e6 3. d4 cxd4 4. Nxd4 Nc6 5. Be3 Qc7 6. Nd2 a6 7. Be2 Nf6 8. Nxc6 bxc6 9. f4 d5 10. e5 Nd7 11. 0-0 Be7 12. c3 0-0 13. Qc2 a5 14. Bg4 f5 15. Bf3 Ba6 16. Rfe1 Nc5 17. c4 Ne4 18. Nxe4 dxe4 19. Be2 Rfd8 20. Red1 Kf7 21. Bf1 Qb7 22. Rdc1 Rab8 23. Rab1 c5 24. Qf2 Qc6 25. h3 a4 26. Kh2 Kg8 27. Rc3 Rd7 28. Qc2 Bc8 29. Ra3 Ra8 30. b3 axb3 31. Rbxb3 Rda7 32. Rxa7 Rxa7 33. a3 Rb7 34. Rb5 Rc7 35. a4 Ba6 36. Rb8+ Kf7 37. Rh8 h6 38. Rb8 Rb7 39. Rxb7 Qxb7 40. Be2 1/2-1/2

[Event "BCF-chT3N 1819 (4NCL)"]
[Site "England"]
[Date "2019.02.09"]
[Round "5.41"]
[White "Richardson, Alex"]
[Black "McCarthy, Damian"]
[Result "1/2-1/2"]
[WhiteElo "2131"]
[BlackElo "1847"]
[PlyCount "83"]
[EventDate "2018.11.10"]
[EventType "team-swiss"]
[EventRounds "11"]
[EventCountry "ENG"]
[SourceTitle "EXT 2021"]
[Source "ChessBase"]
[SourceDate "2020.10.23"]
[SourceVersion "1"]
[SourceVersionDate "2020.10.23"]
[SourceQuality "1"]
[WhiteTeam "Cheddleton II"]
[BlackTeam "Bradford DCA Knights III"]
[WhiteTeamCountry "ENG"]
[BlackTeamCountry "ENG"]

1. c4 e6 2. Nf3 d5 3. g3 Nf6 4. Bg2 Nbd7 5. cxd5 exd5 6. 0-0 c6 7. d3 Bd6 8. e4 0-0 9. Nc3 dxe4 10. dxe4 Bc7 11. Nd4 Nc5 12. b4 Ne6 13. Nf5 Qxd1 14. Rxd1 Rd8 15. Bb2 Bd7 16. h3 Be8 17. Ne2 Rxd1+ 18. Rxd1 Rd8 19. Rxd8 Nxd8 20. g4 Ne6 21. e5 Nd7 22. f4 g5 23. b5 cxb5 24. Bxb7 Ndc5 25. Bc8 Nd3 26. Ne7+ Kf8 27. Nd5 Nxb2 28. Bxe6 Bxe5 29. fxe5 fxe6 30. Nc7 Ke7 31. Nd4 Bd7 32. Ncxb5 Bxb5 33. Nxb5 a6 34. Nd4 Nc4 35. Nc6+ Ke8 36. Kf2 a5 37. Nd4 Kd7 38. Ke2 Nxe5 39. Nb3 Nc6 40. Nc5+ Ke7 41. a4 h6 42. Kd3 1/2-1/2

[Event "BCF-chT3N 1819 (4NCL)"]
[Site "England"]
[Date "2019.01.13"]
[Round "4.61"]
[White "Rawlinson, Aidan"]
[Black "McCarthy, Damian"]
[Result "1/2-1/2"]
[WhiteElo "2177"]
[BlackElo "1822"]
[PlyCount "112"]
[EventDate "2018.11.10"]
[EventType "team-swiss"]
[EventRounds "11"]
[EventCountry "ENG"]
[SourceTitle "EXT 2021"]
[Source "ChessBase"]
[SourceDate "2020.10.23"]
[SourceVersion "1"]
[SourceVersionDate "2020.10.23"]
[SourceQuality "1"]
[WhiteTeam "Manchester Manticores II"]
[BlackTeam "Bradford DCA Knights III"]
[WhiteTeamCountry "ENG"]
[BlackTeamCountry "ENG"]

1. d4 d5 2. c4 c6 3. Nf3 Nf6 4. e3 Bf5 5. Nc3 e6 6. Nh4 Bg6 7. Be2 Nbd7 8. 0-0 Bd6 9. g3 Qe7 10. Bd2 0-0 11. Nxg6 hxg6 12. Qb3 Rab8 13. Qc2 a6 14. e4 dxe4 15. Nxe4 Nxe4 16. Qxe4 e5 17. dxe5 Qxe5 18. Qxe5 Bxe5 19. Rab1 Nf6 20. Bf3 Rbd8 21. Ba5 Rd7 22. b3 Re8 23. Rbd1 Ree7 24. Rfe1 Rxd1 25. Rxd1 Rd7 26. Rxd7 Nxd7 27. Kf1 f5 28. h4 Kf7 29. Ke2 Bd4 30. Bg2 Ne5 31. Bh3 Ke6 32. Bd2 Kf6 33. f3 Ke6 34. g4 Kf6 35. Bg5+ Ke6 36. h5 gxh5 37. gxf5+ Kd6 38. f6 gxf6 39. Bxf6 Nxf3 40. c5+ Kc7 41. Kxf3 Bxf6 42. Ke4 Bc3 43. Kd3 Bb4 44. Kc4 a5 45. Bf5 h4 46. Kd4 b6 47. cxb6+ Kxb6 48. a4 Kc7 49. Ke3 Kd6 50. Kf2 Ke5 51. Bd3 Kf4 52. Kg1 Kg3 53. Kh1 h3 54. Bc4 h2 55. Bg8 Bd6 56. Bc4 Kf2 1/2-1/2

[Event "GBR-ch Major 105th"]
[Site "Hull"]
[Date "2018.08.02"]
[Round "6"]
[White "Starley, Robert"]
[Black "McCarthy, Damian"]
[Result "1/2-1/2"]
[WhiteElo "2107"]
[BlackElo "1867"]
[PlyCount "112"]
[EventDate "2018.07.28"]
[EventType "swiss"]
[EventRounds "9"]
[EventCountry "ENG"]
[SourceTitle "CBM 185 Extra"]
[Source "ChessBase"]
[SourceDate "2018.07.29"]
[SourceVersion "1"]
[SourceVersionDate "2018.07.29"]
[SourceQuality "1"]

1. e4 e5 2. Nf3 Nf6 3. Nxe5 d6 4. Nf3 Nxe4 5. Nc3 Nxc3 6. dxc3 Be7 7. Bf4 Nc6 8. Qd2 Be6 9. Nd4 Nxd4 10. cxd4 d5 11. Bd3 Qd7 12. 0-0 0-0 13. c3 Bd6 14. Bxd6 Qxd6 15. f4 Bd7 16. f5 f6 17. Rae1 Rfe8 18. Be2 Re7 19. Bh5 Be8 20. Bf3 Bf7 21. Rxe7 Qxe7 22. Re1 Qd7 23. Qf4 Re8 24. Rxe8+ Qxe8 25. Kf2 Qd7 26. Kg3 b6 27. Bd1 a5 28. Bb3 Kf8 29. Kf2 Ke7 30. g4 h6 31. h4 Qd6 32. Qe3+ Kd8 33. Kg2 Qe7 34. Qf3 c6 35. Ba4 Be8 36. Kf2 Qd6 37. Kg1 Qe7 38. Kf2 Qd6 39. Qg3 Ke7 40. a3 Bd7 41. Bc2 Qxg3+ 42. Kxg3 c5 43. dxc5 bxc5 44. Kf4 Kd6 45. Bd3 Be8 46. b4 axb4 47. cxb4 c4 48. Bc2 Bc6 49. Bd1 d4 50. a4 c3 51. Bc2 Bg2 52. a5 Kd5 53. Bb3+ Kc6 54. Ba4+ Kc7 55. Bc2 Kc6 56. Ba4+ Kc7 1/2-1/2

[Event "Doncaster 4NCL op-A 18th"]
[Site "Doncaster"]
[Date "2018.04.15"]
[Round "5"]
[White "Burnett, Jim"]
[Black "McCarthy, Damian"]
[Result "1-0"]
[WhiteElo "2105"]
[BlackElo "1845"]
[PlyCount "63"]
[EventDate "2018.04.13"]
[EventType "swiss"]
[EventRounds "5"]
[EventCountry "ENG"]
[SourceTitle "CBM 184 Extra"]
[Source "ChessBase"]
[SourceDate "2018.06.28"]
[SourceVersion "1"]
[SourceVersionDate "2018.06.28"]
[SourceQuality "1"]

1. d4 d5 2. c4 e6 3. Nc3 Nf6 4. Bg5 Be7 5. e3 Nbd7 6. Nf3 0-0 7. Rc1 c5 8. cxd5 Nxd5 9. Bxe7 Qxe7 10. Nxd5 exd5 11. dxc5 Nf6 12. Be2 Be6 13. 0-0 Rfc8 14. b4 a5 15. a3 Ne4 16. Nd4 axb4 17. axb4 Ra2 18. Rc2 Ra4 19. Rb2 Rca8 20. f3 Nc3 21. Qd2 Nxe2+ 22. Qxe2 Bd7 23. Re1 Ra3 24. e4 dxe4 25. Qxe4 Qxe4 26. Rxe4 Re8 27. Rxe8+ Bxe8 28. Nf5 g6 29. Nd6 Bc6 30. b5 Bd5 31. Rd2 Ra1+ 32. Kf2 1-0

[Event "BCF-chT2 1617 (4NCL) Demotion pool"]
[Site "England"]
[Date "2017.04.30"]
[Round "10.75"]
[White "McCarthy, Damian"]
[Black "Humphreys, Jerry"]
[Result "1-0"]
[WhiteElo "1834"]
[BlackElo "2012"]
[PlyCount "77"]
[EventDate "2016.11.19"]
[EventType "team-tourn"]
[EventRounds "11"]
[EventCountry "ENG"]
[SourceTitle "EXT 2019"]
[Source "ChessBase"]
[SourceDate "2018.10.10"]
[SourceVersion "1"]
[SourceVersionDate "2018.10.10"]
[SourceQuality "1"]
[WhiteTeam "Bradford DCA Knights"]
[BlackTeam "Downend & Fishponds"]
[WhiteTeamCountry "ENG"]
[BlackTeamCountry "ENG"]

1. e4 c5 2. Nc3 e6 3. Nge2 d6 4. d4 cxd4 5. Nxd4 Nf6 6. Be3 a6 7. f3 b5 8. g4 h6 9. Qd2 Bb7 10. 0-0-0 Nbd7 11. Bd3 Nc5 12. h4 b4 13. Nce2 d5 14. e5 Nfd7 15. f4 Nxd3+ 16. cxd3 a5 17. Kb1 a4 18. f5 Nxe5 19. fxe6 f6 20. g5 Ba6 21. gxf6 Qxf6 22. Nf4 Bc5 23. Rc1 Rc8 24. Rxc5 Rxc5 25. Qxb4 Nxd3 26. Nxd3 Bxd3+ 27. Ka1 Qe7 28. Qxa4+ Kf8 29. Nc6 Rxc6 30. Qxc6 Kg8 31. Qxd5 Bg6 32. Bc5 Qf6 33. h5 Be8 34. e7+ Qf7 35. Qxf7+ Bxf7 36. Re1 Kh7 37. Rf1 Bxh5 38. Rf8 g5 39. a4 1-0

[Event "BCF-chT2 1617 (4NCL) Demotion pool"]
[Site "England"]
[Date "2017.04.29"]
[Round "9.64"]
[White "McCarthy, Damian"]
[Black "Coleman, David"]
[Result "0-1"]
[WhiteElo "1834"]
[BlackElo "2149"]
[PlyCount "64"]
[EventDate "2016.11.19"]
[EventType "team-tourn"]
[EventRounds "11"]
[EventCountry "ENG"]
[SourceTitle "EXT 2019"]
[Source "ChessBase"]
[SourceDate "2018.10.10"]
[SourceVersion "1"]
[SourceVersionDate "2018.10.10"]
[SourceQuality "1"]
[WhiteTeam "Bradford DCA Knights"]
[BlackTeam "Barbican Youth"]
[WhiteTeamCountry "ENG"]
[BlackTeamCountry "ENG"]

1. c4 c5 2. g3 Nc6 3. Bg2 g6 4. Nc3 Bg7 5. a3 d6 6. Rb1 a5 7. Nf3 e5 8. 0-0 Nge7 9. Ne1 0-0 10. Nc2 Be6 11. Ne3 Rb8 12. d3 f5 13. Ned5 Kh8 14. Bg5 h6 15. Bxe7 Nxe7 16. b4 axb4 17. axb4 Bxd5 18. Nxd5 Nxd5 19. Bxd5 b5 20. Qc2 bxc4 21. Qxc4 cxb4 22. Rxb4 Rc8 23. Qa2 Qf6 24. e4 f4 25. Rfb1 fxg3 26. hxg3 Qf3 27. Bc4 h5 28. Qa7 h4 29. Qe3 Qh5 30. f4 hxg3 31. f5 Qh2+ 32. Kf1 g2+ 0-1

[Event "BCF-chT3N 1617 (4NCL)"]
[Site "England"]
[Date "2017.02.12"]
[Round "6.31"]
[White "McCarthy, Damian"]
[Black "Gheorghiu, Calin"]
[Result "0-1"]
[WhiteElo "1864"]
[BlackElo "2312"]
[PlyCount "90"]
[EventDate "2016.11.26"]
[EventType "team-swiss"]
[EventRounds "11"]
[EventCountry "ENG"]
[SourceTitle "EXT 2019"]
[Source "ChessBase"]
[SourceDate "2018.10.10"]
[SourceVersion "1"]
[SourceVersionDate "2018.10.10"]
[SourceQuality "1"]
[WhiteTeam "Bradford DCA Knights II"]
[BlackTeam "Hounds and Bears"]
[WhiteTeamCountry "ENG"]
[BlackTeamCountry "ENG"]

1. e4 e6 2. d4 d5 3. Nc3 Nf6 4. Bg5 dxe4 5. Nxe4 Be7 6. Bxf6 gxf6 7. Nf3 f5 8. Nc3 a6 9. g3 b5 10. Bg2 Bb7 11. a3 Qd6 12. 0-0 Nd7 13. Re1 c5 14. dxc5 Qxc5 15. Qd4 0-0-0 16. Qxc5+ Nxc5 17. Ne5 Rd2 18. Bxb7+ Kxb7 19. Re2 Rxe2 20. Nxe2 Bf6 21. f4 Rd8 22. Kf2 Bxe5 23. fxe5 Rd5 24. Kf3 Ne4 25. Rc1 Rxe5 26. Rd1 Kc7 27. c3 Nf6 28. Nd4 Rd5 29. Re1 Ng4 30. h3 Ne5+ 31. Kg2 Nc4 32. Re2 Nd6 33. Nf3 Rd1 34. Ne5 f6 35. Nf3 e5 36. Nd2 Kc6 37. Kf3 Kd5 38. Ke3 Rh1 39. h4 Rh3 40. Nf1 f4+ 41. Kf3 fxg3 42. Kg4 Rh1 43. Rd2+ Ke6 44. Nxg3 Rg1 45. Rd3 Ne4 0-1

[Event "South Wales Autumn op"]
[Site "Pencoed"]
[Date "2016.10.09"]
[Round "5"]
[White "McCarthy, Damian"]
[Black "James, Dai"]
[Result "1/2-1/2"]
[WhiteElo "1878"]
[BlackElo "1897"]
[PlyCount "42"]
[EventDate "2016.10.07"]
[EventType "swiss"]
[EventRounds "5"]
[EventCountry "WLS"]
[SourceTitle "CBM 175 Extra"]
[Source "ChessBase"]
[SourceDate "2016.12.12"]
[SourceVersion "1"]
[SourceVersionDate "2016.12.12"]
[SourceQuality "1"]

1. e4 e6 2. d4 d5 3. Nc3 dxe4 4. Nxe4 Nd7 5. Nf3 Ngf6 6. Bg5 Be7 7. Bxf6 Nxf6 8. Bd3 0-0 9. Qd2 b6 10. Nxf6+ Bxf6 11. Be4 Rb8 12. 0-0-0 Bb7 13. Bxb7 Rxb7 14. Kb1 c5 15. dxc5 Qxd2 16. Rxd2 bxc5 17. c4 Rfb8 18. b3 a5 19. Kc2 Kf8 20. Rd6 a4 21. Rb1 axb3+ 1/2-1/2

[Event "South Wales Autumn op"]
[Site "Pencoed"]
[Date "2016.10.09"]
[Round "4"]
[White "Whitehead, Mark A"]
[Black "McCarthy, Damian"]
[Result "1/2-1/2"]
[WhiteElo "1930"]
[BlackElo "1878"]
[PlyCount "35"]
[EventDate "2016.10.07"]
[EventType "swiss"]
[EventRounds "5"]
[EventCountry "WLS"]
[SourceTitle "CBM 175 Extra"]
[Source "ChessBase"]
[SourceDate "2016.12.12"]
[SourceVersion "1"]
[SourceVersionDate "2016.12.12"]
[SourceQuality "1"]

1. e4 c5 2. Nc3 g6 3. g3 Bg7 4. Bg2 Nc6 5. d3 d6 6. Nge2 e6 7. 0-0 Nge7 8. a3 Rb8 9. Rb1 a5 10. Nb5 Nd4 11. c4 Nec6 12. Nec3 0-0 13. Bf4 Nxb5 14. Nxb5 e5 15. Bd2 Be6 16. Qe1 b6 17. b3 Qd7 18. f3 1/2-1/2

[Event "South Wales Autumn op"]
[Site "Pencoed"]
[Date "2016.10.08"]
[Round "3"]
[White "McCarthy, Damian"]
[Black "Haigh, Tony"]
[Result "1/2-1/2"]
[WhiteElo "1878"]
[BlackElo "1804"]
[PlyCount "95"]
[EventDate "2016.10.07"]
[EventType "swiss"]
[EventRounds "5"]
[EventCountry "WLS"]
[SourceTitle "CBM 175 Extra"]
[Source "ChessBase"]
[SourceDate "2016.12.12"]
[SourceVersion "1"]
[SourceVersionDate "2016.12.12"]
[SourceQuality "1"]

1. e4 Nf6 2. e5 Nd5 3. c4 Nb6 4. d4 d6 5. exd6 exd6 6. Nc3 g6 7. Bd3 Bg7 8. Qe2+ Qe7 9. Qxe7+ Kxe7 10. Nge2 N8d7 11. Bg5+ f6 12. Be3 c6 13. 0-0 f5 14. c5 dxc5 15. dxc5 Nd5 16. Bg5+ Bf6 17. Nxd5+ cxd5 18. Bxf6+ Nxf6 19. Nd4 Bd7 20. b4 a6 21. f3 Rac8 22. Rfe1+ Kf7 23. Re3 Rhe8 24. Rae1 Rxe3 25. Rxe3 a5 26. a3 axb4 27. axb4 Ra8 28. Bb5 Ra1+ 29. Kf2 Rb1 30. Bxd7 Nxd7 31. Rb3 Rxb3 32. Nxb3 f4 33. Ke2 Ne5 34. Kd2 Ke6 35. Kc3 Nc4 36. Kd4 b5 37. cxb6 Nxb6 38. Nc5+ Kd6 39. Nd3 g5 40. h4 h6 41. hxg5 hxg5 42. Nf2 Nc4 43. Nh3 Ne3 44. Nxg5 Nxg2 45. b5 Ne1 46. b6 Kc6 47. b7 Kxb7 48. Kxd5 1/2-1/2

[Event "South Wales op 13th"]
[Site "Cardiff"]
[Date "2016.07.07"]
[Round "1"]
[White "McCarthy, Damian"]
[Black "L'Ami, Alina"]
[Result "0-1"]
[WhiteElo "1878"]
[BlackElo "2339"]
[PlyCount "60"]
[EventDate "2016.07.07"]
[EventType "swiss"]
[EventRounds "10"]
[EventCountry "WLS"]
[SourceTitle "EXT 2017"]
[Source "ChessBase"]
[SourceDate "2016.10.25"]
[SourceVersion "1"]
[SourceVersionDate "2016.10.25"]
[SourceQuality "1"]

1. e4 c5 2. Nf3 d6 3. d4 cxd4 4. Nxd4 Nf6 5. Nc3 a6 6. f3 e5 7. Nb3 Be6 8. Be3 Be7 9. Qd2 0-0 10. 0-0-0 a5 11. Bb5 Na6 12. g4 Nc7 13. Qe2 Qc8 14. Bc4 a4 15. Nd2 a3 16. b3 d5 17. g5 dxc4 18. gxf6 Bb4 19. Bh6 Bxc3 20. Bxg7 Bb2+ 21. Kb1 Nb5 22. Qe3 cxb3 23. Nxb3 Nc3+ 24. Qxc3 Qxc3 25. Rhg1 h5 26. Rd3 Qxd3 27. cxd3 Bxb3 28. axb3 Bd4 29. Rg5 a2+ 30. Kc2 a1Q 0-1

[Event "BCF-chT3Nd 1516 (4NCL)"]
[Site "England"]
[Date "2016.04.30"]
[Round "9.97"]
[White "Cooper, John G"]
[Black "McCarthy, Damian"]
[Result "1/2-1/2"]
[WhiteElo "1953"]
[BlackElo "1856"]
[PlyCount "47"]
[EventDate "2016.03.20"]
[EventType "team-swiss"]
[EventRounds "11"]
[EventCountry "ENG"]
[SourceTitle "EXT 2017"]
[Source "ChessBase"]
[SourceDate "2016.10.25"]
[SourceVersion "1"]
[SourceVersionDate "2016.10.25"]
[SourceQuality "1"]
[WhiteTeam "Spirit of Atticus III"]
[BlackTeam "Bradford DCA Knights III"]
[WhiteTeamCountry "ENG"]
[BlackTeamCountry "ENG"]

1. e4 c5 2. Nc3 g6 3. f4 Bg7 4. Nf3 Nc6 5. Bb5 Nd4 6. Nxd4 cxd4 7. Ne2 a6 8. Bd3 d6 9. b3 e5 10. 0-0 Ne7 11. Bb2 0-0 12. c3 dxc3 13. Bxc3 exf4 14. Nxf4 Bd7 15. Qf3 Bc6 16. Bxg7 Kxg7 17. Qg3 Qb6+ 18. Kh1 Qc5 19. Rac1 Qe5 20. Rce1 Rac8 21. Bb1 Kh8 22. Ne2 Bb5 23. Qe3 Bxe2 24. Rxe2 1/2-1/2